Quizzes
Events
Quiz Creation
Community
Videos
Private Events
Remove Ads
Sign In
Join for FREE
Feedback
Dark Mode
Quiz Categories
Sports
Geography
Music
Movies
Television
Just For Fun
Miscellaneous
History
Literature
Language
Science
Gaming
Entertainment
Religion
Holiday
For Kids
Quiz Lab
Recent
Popular Today
Quiz Kudos Today
Editor Picks
Curator Picks
Quizzes by...
Day
Popularity
Type
Ratings
Length
Year
Community
Subscriptions
Recent Discussions
Orange Saloon
Badges
Playlists
Quests
Create
Leaderboards
Showdown
Live 5
Trivia Bingo
Activity
Puzzle Library
Sporcle Events
Private Events
Virtual Trivia
Globe League
Become a Host
Pub Owners
SporcleCon
Opinionation
Our Games
Videos
Blog
Mobile Apps
Partnerships
Remove Ads and Go Orange
Feedback
Sports
Athletes
MLB
NBA
NHL
NFL
Soccer
Sports Teams
WWE
NCAA
Football
Premier League
Basketball
Baseball
Hockey
Golf
Tennis
Cricket
Rugby
Auto Racing
Olympics
World Cup
Sports
Athletes
MLB
NBA
NHL
NFL
Soccer
Sports Teams
WWE
NCAA
Football
Premier League
Basketball
Baseball
Hockey
Golf
Tennis
Cricket
Rugby
Auto Racing
Olympics
World Cup
Random Quiz
Search Sporcle
×
Quiz Lab
Quiz Lab
Sports
Football
Type in answers that appear in a list
Type in answers that appear in a list
Classic
Best Score? Go Orange.
Englands Top 50 football hero's Stats
Can you name the Englands Top 50 football hero's?
By
wonderkid
8m
50 Questions
344 Plays
344 Plays
344 Plays
Comments
Comments
Give Quiz Kudos
Give Quiz Kudos
-
- Ratings
hide this ad
More Info
Replay
Link that replays current quiz
Next Quiz
Link to next quiz in quiz playlist
You Got
0%
They Got
Avg Score
49%
Avg Friend Score
Upgrade to see
Score Distribution
Jump to the score distribution portion of the page
Score
0/50
Timer
08:00
0
Plays Today
Rank
% Correct
18
David Beckham
95.9%
2
Sir Bobby Charlton
92.2%
13
Jack Charlton
89.5%
1
Bobby Moore
87.2%
37
Wayne Rooney
82.6%
11
Michael Owen
81.4%
5
Gary Lineker
79.7%
10
Peter Shilton
78.8%
14
Alan Shearer
77.9%
3
Sir Geoff Hurst
77%
4
Gordon Banks
73.3%
6
Paul Gascoigne
68.9%
7
Bryan Robson
66.3%
28
Sir Bobby Robson
65.7%
36
Tony Adams
60.5%
21
Billy Wright
59%
43
Paul Scholes
59%
12
Alan Ball
58.1%
17
Kevin Keegan
54.9%
39
Teddy Sheringham
54.7%
15
Stuart Pearce
51.7%
20
Martin Peters
50.3%
40
John Barnes
50%
29
Sir Stanley Matthews
49.7%
22
Paul Ince
49.4%
Rank
% Correct
26
Jimmy Greaves
49.4%
16
Nobby Stiles
48.8%
8
Terry Butcher
48.5%
33
Glenn Hoddle
45.6%
49
Chris Waddle
45.3%
25
David Platt
43.6%
42
Sol Campbell
42.2%
23
George Cohen
41.9%
30
Roger Hunt
41.3%
19
Sir Tom Finney
37.8%
35
Peter Beardsley
37.8%
27
Ray Wilson
33.7%
50
Theo Walcott
32.3%
9
Sir Alf Ramsey
30.2%
24
Nat Lofthouse
28.5%
31
Trevor Brooking
26.5%
46
Duncan Edwards
26.2%
44
Darren Anderton
22.4%
45
Des Walker
22.4%
34
Trevor Francis
18.9%
47
Johnny Haynes
16%
32
Steve Coppell
11.9%
48
Steve Bull
11%
38
Kenny Samson
10.5%
41
Stan Bowles
4.1%
Quiz Playlist
Details
Report
Send in Message
Add To Playlist
More Info:
* = still playing and available for england
Classic:
Type in answers that appear in a list
Quiz Source
Last Updated: Feb 16, 2017
Quiz Scoreboard
CHALLENGE
Sign Up to Join the Scoreboard
Show All
Scores
Hide
Comments
May contain spoilers
Recently Published
Presidents Visiting Landmarks
by Hejman
History
7m
An Introduction to Baseball
by treessimontrees
Sports
5m
Movies - When Are They Set?
by FPL_Elf
Movies
5m
More to Explore
Quiz From the Vault
Featured Blog Post
Where Did the Easter Bunny Come From?
hide this ad
You Might Also Like...
Tags
Football Quiz
cap
England
Hero
Top 50
Today's Top Quizzes in Sports
Browse Sports
hide this ad
Today's Top Quizzes in Football
Browse Football
Top Contributed Quizzes in Sports
1
Les meilleurs buteurs des matchs entre le PSG et l’OM
2
2022 World Cup Stars
3
FIFA Club World Cup Champions
4
Les entraîneurs de l'OM et du PSG au 21e siècle
5
Name the Premier League winners with different clubs
6
La finale Lions - Afrique du Sud 2021
7
5-to-1: UK Sports Teams
8
England Test cricketers to play under Nasser Hussain
9
Players with Multiple 50 Home Run Seasons
10
AFC Teams Reveal (Wrong Answers Minefield)
Explore More
Trending Topics
Marvel
Anime
Kpop
Crossword
Disney
Harry Potter
NBA
WWE
Song
NFL
Pokémon
Puzzle
Soccer
The Office
Country
hide this ad
More By:
wonderkid
Quiz
Plays
Rating
Category
Featured
Created
teams England have played at the World Cup
1,105
3.80
Sports
Jan 8, 2010
UK Gameshow/Reality TV shows (Clips)
911
5.00
Television
Nov 14, 2011
The Shawshank Redemption Characters
827
4.00
Movies
Feb 1, 2010
English Football Hall of Fame
774
4.09
Sports
Jul 12, 2010
Top 50 UK Sporting Losers
770
2.17
Sports
Jan 8, 2010
Go to Creator's Profile
Score Distribution
Quiz Creator Spotlight
wonderkid
Follow
Send a Message
Quizzes Created
-
Created Quiz Play Count
-
More By This Creator
Popular Quizzes Today
1
Find the US States - No Outlines Minefield
2
Find the Countries of Europe - No Outlines Minefield
3
The Countries of the World
4
Find the US States
5
Popular People in 1961
6
US States
7
Risky Map Clicking: Biggest States A-Z
8
Movies - When Are They Set?
More Sports Quizzes
Men's Test Cricket: Most Prolific Players of 1991-2000
Quiz Lab
Trending Quizzes
Risky Map Clicking: Least Populous States A-Z
1-10 Letter G Words
1-10 Letter F Words
Risky Map Clicking: Next State Alphabetically
Risky Map Clicking: Biggest States A-Z
Recently Updated
Leaping Animals
pecheneg
Reality TV Shows (A-Z)
bhenderson79
Rickey Henderson's Hall of Fame Teammates
pecheneg
Champions League XIs: Arsenal
pecheneg
Quick Pick: Celebrities in WWE's Hall of Fame
aduchscher
A-Z Keypad Blitz II
pecheneg
Multiple Oscar Actors
pecheneg
Mystery Phrase Blitz: Oscar 'Best Actors'
pecheneg
F. Scott Fitzgerald Novels
LTH
Pick 3 Villains
ddd62291
Trending Topics
Marvel
Kpop
Anime
NBA
Disney
Harry Potter
Crossword
Song
Puzzle
NFL
The Office
WWE
Soccer
Pokémon
Country
Your Account Isn't Verified!
In order to create a playlist on Sporcle, you need to verify the email address you used during registration. Go to your
Sporcle Settings
to finish the process.
Report this User
Report this user for behavior that violates our
Community Guidelines
.
Details:
Send Report
Go to the Sporcle.com Mobile Site →
Comments